Normal view
MARC view
- الشعر العربي- تاريخ ونقد
Entry Topical Term
001 - CONTROL NUMBER
- control field: 59423
003 - CONTROL NUMBER IDENTIFIER
- control field: JO-AjAnu
005 - DATE AND TIME OF LATEST TRANSACTION
- control field: 20230606083722.0
008 - FIXED-LENGTH DATA ELEMENTS
- fixed length control field: 230606|| aca||aabn | a|a d
040 ## - CATALOGING SOURCE
- Original cataloging agency: JO-AjAnu
- Transcribing agency: JO-AjAnu
150 ## - HEADING--TOPICAL TERM
- Topical term or geographic name entry element: الشعر العربي- تاريخ ونقد
670 ## - SOURCE DATA FOUND
- Source citation: Work cat.: (JO-AjAnu)30307: ملحس، ثريا عبد الفتاح, author 59422, القيم الروحية في الشعر العربي: قديمه وحديثه (حتى منتصف القرن العشرين 1950م) = THE Spiritual Values In Arabic Poetry